UCM

As desigualdes sociolinguistica e o fracasso escolar (Record no. 56383)

MARC details
000 -LEADER
fixed length control field 00468nam a22001457a 4500
008 - FIXED-LENGTH DATA ELEMENTS--GENERAL INFORMATION
fixed length control field 260616b |||||||| |||| 00| 0 eng d
020 ## - INTERNATIONAL STANDARD BOOK NUMBER
International Standard Book Number 978-902-47-9142-2
100 ## - MAIN ENTRY--PERSONAL NAME
Personal name DIAS HILZIDINA NORBERTO
245 ## - TITLE STATEMENT
Title As desigualdes sociolinguistica e o fracasso escolar
Remainder of title em direccao a uma pratica linguistico-escolar libertadora
250 ## - EDITION STATEMENT
Edition statement 1ed
260 ## - PUBLICATION, DISTRIBUTION, ETC. (IMPRINT)
Place of publication, distribution, etc Maputo
Name of publisher, distributor, etc Texto Editora
Date of publication, distribution, etc 2006
300 ## - PHYSICAL DESCRIPTION
Extent 184p
650 ## - SUBJECT ADDED ENTRY--TOPICAL TERM
Topical term or geographic name as entry element pratica linguistica escolar
942 ## - ADDED ENTRY ELEMENTS (KOHA)
Source of classification or shelving scheme Universal Decimal Classification
Item type Books

No items available.


Universidade Católica de Moçambique - Rua Marquês de Soveral, 960, Palmeiras II, Beira, Moçambique

Tel (Central): (+258) 23 313 077 - Fax: (+258) 23 311 520 - Email: reitoria@ucm.ac.mz - Web: www.ucm.ac.mz